Ecología de poblaciones animales
Gardado en:
| Autor Principal: | |
|---|---|
| Formato: | Libro |
| Idioma: | Lingua castelá |
| Publicado: |
Washington, D.C
OEA
1978
|
| Series: | Serie de Biología. Monografía, 21
|
| Subjects: | |
| Tags: |
Engadir etiqueta
Sen Etiquetas, Sexa o primeiro en etiquetar este rexistro!
|
MARC
| LEADER | 00000nam a2200000 a 4500 | ||
|---|---|---|---|
| 001 | UCX1047 | ||
| 003 | CL-VaPUC | ||
| 008 | 900524e19780000US |||||||||||||||||spa|d | ||
| 082 | 0 | 4 | |a 591.524 |b RAB |2 21 |
| 100 | 0 | |a Rabinovich, Jorge E |e author |9 316454 | |
| 245 | 1 | 0 | |a Ecología de poblaciones animales |
| 300 | |a 114 p | ||
| 942 | |c BK | ||
| 945 | |d 19900524 00:00:00 | ||
| 260 | |a Washington, D.C |b OEA |c 1978 | ||
| 650 | 7 | |a ECOLOGIA ANIMAL |2 CL-VaPUC |9 316455 | |
| 650 | 7 | |a POBLACION ANIMAL |2 CL-VaPUC |9 261591 | |
| 583 | |a last modification |c 19900524 00:00:00 |k Rodrigo Vera | ||
| 490 | 0 | |a Serie de Biología. Monografía, 21 | |
| 999 | |c 222394 |d 222392 | ||
| 952 | |0 0 |1 0 |4 0 |6 591_524000000000000_RAB_1978 |7 0 |8 A |9 217059 |a BIBCUR |b BIBCUR |d 2019-11-15 |i 2859904 |o 591.524 RAB 1978 |p 2859904 |r 2025-04-22 |w 2019-11-15 |y BK |k BCB | ||
| 952 | |0 0 |1 0 |4 0 |6 591_524000000000000_RAB_1978 |7 0 |8 P |9 217060 |a BIBEDU |b BIBEDU |c BIBEDU_PB |d 2019-11-15 |i 1606107 |o 591.524 RAB 1978 |p 1606107 |r 2024-01-25 |w 2019-11-15 |y BK |k EDU | ||